000 00723nam a2200289 a 4500
005 20140310183238.0
008 040616s19uu xx 00 eng d
020 _a0-07-123047-5
050 _aRA 409
_b.K88 2003
100 _aKuzma, Jan W.
245 _aBasic statistics for the health sciences./
_bJan W. Kuzma.
250 _a4th ed.
260 _aBoston :
_bMcGraw Hill,
_c2003.
300 _a364 p. :
_c24 cm.
521 _aNUR
650 _aMedical statistics.
650 _aStatistics.
700 _aBohnenblust, Stephen E.
942 _cBK
_2lcc
_kFOR
999 _c20572
_d20572